Zachrání Evropu imigrace?

Pohľad na rekordnú migráciu v Európe. Voľný pohyb osôb v Európskej únii. Obava zo stárnutia populácie. Klady a zápory tzv. multikulturalizmu. Problém demokratickej legitimity. Racionálna imigračná politika.

Salvato in:
Dettagli Bibliografici
Autore principale: Loužek, Marek
Natura: Capitolo di libro
Lingua:ceco
Soggetti:
Tags: Aggiungi Tag
Nessun Tag, puoi essere il primo ad aggiungerne!!

MARC

LEADER 00000naa$a2200000$$$4500
001 0081478
005 20231019131519.6
041 0 |a cze 
044 |a CZ 
245 1 0 |a Zachrání Evropu imigrace?  |c Marek Loužek 
520 |a Pohľad na rekordnú migráciu v Európe. Voľný pohyb osôb v Európskej únii. Obava zo stárnutia populácie. Klady a zápory tzv. multikulturalizmu. Problém demokratickej legitimity. Racionálna imigračná politika. 
610 2 0 |a pohyb síl pracovných medzinárodný 
610 2 0 |a imigrácia 
610 2 0 |a Európa 
610 2 0 |a starnutie populácie 
610 2 0 |a demokracia 
100 1 |a Loužek, Marek